000
00311nam a2200145Ia 4500
100
_a
Cary/ Howard B.
942
_c
RB
654
_a
Welding
245
_a
Modern Welding technology
260
_b
prentice hall
_a
New Jersey
_c
1979
082
_a
671.52
_b
Car
300
_a
736
546
_a
ENGLISH
999
_c
22161
_d
22161